Parodies in The Simpsons by image - Statistics

General Stats
  • This quiz has been taken 70 times
  • The average score is 13 of 20
Answer Stats
Picture Answer % Correct
Forrest Gump
95%
Harry Potter
94%
Spider-Man
94%
Star Wars
94%
Mary Poppins
92%
King Kong
88%
The Shining
82%
Friends
75%
Goldfinger
69%
Fantasia
68%
Bram Stoker's Dracula
65%
Pokemon Go
65%
Stranger Things
63%
Coraline
62%
The Adventures of Tom Sawyer
60%
A Clockwork Orange
51%
A Nightmare on Elm Street
42%
Rear Window
31%
Inception
29%
North by Northwest
25%
No matching quizzes found
Score Distribution
Percent of People with Each Score
Percentile by Number Answered
Your Score History
You have not taken this quiz